[Event "World Rapid 2025"]
[Site "Doha QAT"]
[Date "2025.12.26"]
[Round "4.114"]
[White "Rami, Talab"]
[Black "Grafl, Florian"]
[Result "1/2-1/2"]
[BlackTitle "IM"]
[WhiteElo "2173"]
[BlackElo "2343"]
[WhiteFideId "7609787"]
[BlackFideId "4645715"]
[EventDate "2025.12.26"]
[EventType "rapid"]

1. d4 f5 2. g3 Nf6 3. Bg2 g6 4. Nf3 Bg7 5. O-O O-O 6. c4 d6 7. Nc3 c6 8. Bf4 Nh5
9. Bd2 e5 10. dxe5 dxe5 11. e3 Be6 12. Qe2 Na6 13. Rfd1 Qe7 14. Na4 Bf7 15. Bc3
Rad8 16. e4 Rxd1+ 17. Rxd1 Re8 18. b3 Nc7 19. exf5 gxf5 20. Re1 b5 21. Nb2 e4
22. Bxg7 Nxg7 23. Nd4 Qc5 24. Rd1 Rd8 25. Qe3 bxc4 26. bxc4 Rb8 27. Rd2 Nce6 28.
Nb3 Qxe3 29. fxe3 Ng5 30. Kf2 Nh5 31. Rd6 c5 32. h4 Ne6 33. Bh3 Nhg7 34. Bf1 Ne8
35. Rc6 Nf6 36. Be2 Nd7 37. Rd6 Nb6 38. Rd2 Kg7 39. Bf1 Kf6 40. Nd1 Na4 41. Bh3
Rd8 42. Ke1 Rxd2 43. Nxd2 Bh5 44. Nf2 Nc3 45. a3 Bg6 46. g4 f4 47. g5+ Ke5 48.
Bxe6 Kxe6 49. Nf1 fxe3 50. Nxe3 Ke5 51. Nfd1 Kd4 52. Nxc3 Kxc3 53. Ke2 Kb3 54.
Kd2 Kxa3 55. Kc3 Ka4 56. Nf1 Ka5 57. Ng3 e3 58. h5 e2 59. Kd2 Bd3 60. Nxe2 Bxc4
61. Nf4 Bg8 62. Kc3 Kb5 63. h6 a5 64. Nh5 Bf7 65. Nf4 Bg8 66. Nh5 Bf7 67. Nf4
Bg8 68. Nh5 1/2-1/2

[Event "World Rapid 2025"]
[Site "Doha QAT"]
[Date "2025.12.26"]
[Round "4.115"]
[White "Alhassadi, Yousef A."]
[Black "Najer, Evgeniy"]
[Result "0-1"]
[WhiteTitle "FM"]
[BlackTitle "GM"]
[WhiteElo "2098"]
[BlackElo "2619"]
[WhiteFideId "9204725"]
[BlackFideId "4118987"]
[EventDate "2025.12.26"]
[EventType "rapid"]

1. e4 e6 2. d4 d5 3. Nc3 Nf6 4. e5 Nfd7 5. f4 c5 6. Nf3 Nc6 7. Be3 Rb8 8. Qd2
Qa5 9. Be2 b5 10. O-O b4 11. Nd1 Ba6 12. c3 bxc3 13. Nxc3 Bxe2 14. Qxe2 Qb4 15.
dxc5 Qxb2 16. Qxb2 Rxb2 17. Rfc1 Be7 18. a4 a6 19. Nd1 Rb4 20. Rab1 a5 21. Rxb4
axb4 22. Nd4 Ndb8 23. Nb5 f6 24. exf6 Bxf6 25. Nf2 Kd7 26. Nd3 Na6 27. Kf2 Ra8
28. Rb1 Nab8 29. Nxb4 Nxb4 30. Rxb4 Nc6 31. Rb1 Rxa4 32. Nd6 Nb4 33. Kf3 Kc6 34.
g4 Bc3 35. f5 e5 36. g5 e4+ 37. Kg4 Be5 38. Nf7 Bc7 39. f6 gxf6 40. gxf6 Nc2 41.
Bg5 e3+ 42. Kh5 Ra8 43. Kg4 e2 44. Bh4 d4 45. Kf3 d3 46. Bg3 Re8 47. Nd6 Bxd6
48. cxd6 d2 49. f7 Nd4+ 0-1

[Event "World Rapid 2025"]
[Site "Doha QAT"]
[Date "2025.12.26"]
[Round "4.116"]
[White "Nguyen, Ngoc Truong Son"]
[Black "Phuyal, Aashish"]
[Result "1-0"]
[WhiteTitle "GM"]
[WhiteElo "2600"]
[BlackElo "1955"]
[WhiteFideId "12401110"]
[BlackFideId "12312649"]
[EventDate "2025.12.26"]
[EventType "rapid"]

1. e4 e5 2. Nf3 Nc6 3. Nc3 Nf6 4. d4 exd4 5. Nxd4 Bb4 6. Nxc6 bxc6 7. Bd3 d5 8.
exd5 cxd5 9. O-O O-O 10. h3 h6 11. Qf3 Rb8 12. Bf4 Bd6 13. b3 Rb4 14. Bxd6 Qxd6
15. Rad1 c5 16. Rfe1 Be6 17. Bc4 d4 18. Bxe6 fxe6 19. Ne4 Nxe4 20. Qxe4 Rb6 21.
Re2 Qc6 22. Qd3 Rf6 23. Rde1 Kf7 24. Re5 Qd6 25. Qc4 Rc6 26. a4 g6 27. Qb5 Kg7
28. Qb7+ Qc7 29. Qb5 Qd6 30. a5 a6 31. Qc4 Qd7 32. Rxc5 Rxc5 33. Qxc5 Rf5 34.
Qb6 d3 35. cxd3 Qxd3 36. Rxe6 Rf7 37. Qxa6 Qc2 38. Qe2 Qxb3 39. Qe5+ Kh7 1-0

[Event "World Rapid 2025"]
[Site "Doha QAT"]
[Date "2025.12.26"]
[Round "4.117"]
[White "Bodemar, Jonathan"]
[Black "Altini, Nicola"]
[Result "0-1"]
[WhiteTitle "CM"]
[BlackTitle "IM"]
[WhiteElo "2154"]
[BlackElo "2360"]
[WhiteFideId "6205488"]
[BlackFideId "833924"]
[EventDate "2025.12.26"]
[EventType "rapid"]

1. e4 c5 2. Nf3 g6 3. d4 cxd4 4. Nxd4 Nc6 5. c4 Nf6 6. Nc3 d6 7. Be2 Nxd4 8.
Qxd4 Bg7 9. Be3 O-O 10. Qd3 a6 11. O-O Bd7 12. b4 b5 13. c5 dxc5 14. Bxc5 Bc6
15. Qe3 Qc7 16. Rac1 Qb7 17. Bf3 Rfe8 18. Rfd1 Nd7 19. Nd5 Ne5 20. Be2 e6 21.
Nc3 Nc4 22. Bxc4 bxc4 23. f3 Rec8 24. Qe2 a5 25. a3 axb4 26. axb4 Qa6 27. e5 Rd8
28. Bd6 Bh6 29. Rc2 Rac8 30. Kh1 Bb7 31. h3 Bf4 32. Ne4 Bxe4 33. Qxe4 Bh6 34.
Rc3 Bf8 35. Rdc1 Bxd6 36. exd6 Rxd6 37. Rxc4 Rxc4 38. Rxc4 Rd1+ 39. Kh2 Qa1 40.
b5 Rh1+ 41. Kg3 Re1 42. Qf4 Kg7 43. b6 Rb1 44. Rb4 e5 45. Qe4 Re1 46. Qc4 Rc1
47. Qb3 Rc3 48. Qb1 Qa8 49. b7 Qb8 50. Qa1 e4+ 51. Kf2 Qe5 52. b8=Q Rc2+ 53. Kg1
Qxa1+ 54. Rb1 Qd4+ 55. Kh1 exf3 56. gxf3 Qf6 57. Qg3 h5 58. Re1 Rc3 59. Kg2 Rc5
60. f4 Qb2+ 61. Kh1 Rc3 62. Qg2 Rc2 63. Qf3 Rf2 64. Qg3 0-1

[Event "World Rapid 2025"]
[Site "Doha QAT"]
[Date "2025.12.26"]
[Round "4.118"]
[White "Berend, Fred"]
[Black "Alrehaili, Ahmed Abdullah S"]
[Result "1-0"]
[WhiteTitle "IM"]
[BlackTitle "FM"]
[WhiteElo "2213"]
[BlackElo "2106"]
[WhiteFideId "4000102"]
[BlackFideId "21518840"]
[EventDate "2025.12.26"]
[EventType "rapid"]

1. d4 Nf6 2. c4 g6 3. Nc3 Bg7 4. Nf3 d6 5. Bg5 h6 6. Bh4 g5 7. Bg3 Nh5 8. e3 Nd7
9. Qc2 e6 10. Be2 Qe7 11. O-O-O Nf8 12. Nd2 Nxg3 13. hxg3 Bd7 14. Bf3 c6 15. Qb3
O-O-O 16. Qa3 Kb8 17. Nde4 Bc8 18. c5 d5 19. Nd6 e5 20. Qa5 Be6 21. Bh5 Nd7 22.
Na4 Nf6 23. Rd3 Ne4 24. Nxb7 Rd7 25. Nd6 Nxd6 26. cxd6 Qxd6 27. Nc5 Re7 28. Rhd1
Ka8 29. Rc3 exd4 30. exd4 Bf5 31. Qa6 Rb8 32. b3 Rb6 33. Qa4 Re2 34. Bxe2 1-0

[Event "World Rapid 2025"]
[Site "Doha QAT"]
[Date "2025.12.26"]
[Round "4.119"]
[White "Dahal, Sushrut"]
[Black "Abdilkhair, Abilmansur"]
[Result "0-1"]
[WhiteTitle "CM"]
[BlackTitle "IM"]
[WhiteElo "2037"]
[BlackElo "2378"]
[WhiteFideId "12303275"]
[BlackFideId "13716417"]
[EventDate "2025.12.26"]
[EventType "rapid"]

1. d4 Nf6 2. Nc3 d5 3. Bf4 c5 4. e3 cxd4 5. exd4 Bg4 6. Bb5+ Nc6 7. Qd2 Rc8 8.
h3 Bh5 9. Nge2 a6 10. Bxc6+ Rxc6 11. Ng3 Bg6 12. O-O e6 13. Rac1 Bb4 14. Nge2
Ne4 15. Qe1 Qa5 16. Bd2 Nxd2 17. Qxd2 Qxa2 18. Qf4 Qa5 19. Qb8+ Qd8 20. Qxb7 Rb6
21. Qa7 O-O 22. Na4 Rc6 23. c3 Bd6 24. Rfd1 Qc8 25. Nb6 Qd8 26. Na4 Qg5 27. Nc5
Bb8 28. Qb7 Rxc5 29. dxc5 Be4 30. g3 Qh5 31. Kf1 Bf3 32. Rc2 d4 33. Qxa6 Qxh3+
34. Ke1 Qh1+ 35. Kd2 dxc3+ 36. Rxc3 Qh6+ 37. Re3 Be5 38. Kc2 Qf6 39. b4 g5 40.
Qc4 Bh5 41. f4 gxf4 42. gxf4 Ba1 43. Rg1+ Bg6+ 44. Kd1 Rd8+ 45. Rd3 Ra8 46. c6
Kh8 47. Rxg6 hxg6 48. c7 Rc8 49. b5 e5 50. Qc6 Qxc6 51. bxc6 Rxc7 52. Rd7 Rxc6
53. Rxf7 Kg8 54. Ra7 Bd4 55. Nxd4 exd4 56. Rd7 Re6 57. Rxd4 Kf7 58. Kd2 Kf6 59.
Kd3 Kf5 60. Ra4 Kg4 61. Rd4 Kf3 62. Kd2 Rf6 0-1

[Event "World Rapid 2025"]
[Site "Doha QAT"]
[Date "2025.12.26"]
[Round "4.120"]
[White "Ashwath Kaushik"]
[Black "Muntean, Victor"]
[Result "1-0"]
[WhiteTitle "FM"]
[WhiteElo "2345"]
[BlackElo "2169"]
[WhiteFideId "33387230"]
[BlackFideId "1054414"]
[EventDate "2025.12.26"]
[EventType "rapid"]

1. d4 d6 2. Nf3 Nf6 3. c4 g6 4. Nc3 Bg7 5. e3 O-O 6. Be2 c6 7. O-O Nbd7 8. Qc2
a6 9. b4 b5 10. Bb2 Nb6 11. c5 dxc5 12. dxc5 Nbd5 13. Nxd5 Nxd5 14. Bxg7 Kxg7
15. Qb2+ f6 16. Rfd1 Qc7 17. a4 bxa4 18. Rxa4 Rb8 19. Qd2 e5 20. h3 Ra8 21. b5
cxb5 22. Qxd5 Bb7 23. Qd7+ Rf7 24. Qxc7 Rxc7 25. Ra5 Rf8 26. Ne1 Rxc5 27. Rd7+
Rf7 28. Rxf7+ Kxf7 29. Nd3 Rc2 30. Bf1 Rd2 31. Nc5 Bd5 32. Rxa6 Rd1 33. Rd6 b4
34. Rxd5 Rxd5 35. Bc4 Ke7 36. Bxd5 Kd6 37. Bg8 Kxc5 38. Bxh7 b3 39. Bxg6 b2 1-0

[Event "World Rapid 2025"]
[Site "Doha QAT"]
[Date "2025.12.26"]
[Round "4.121"]
[White "Alkhuriji, Abdulaziz N"]
[Black "Al Hosani, Omran"]
[Result "0-1"]
[BlackTitle "IM"]
[WhiteElo "1972"]
[BlackElo "2340"]
[WhiteFideId "21525919"]
[BlackFideId "9308733"]
[EventDate "2025.12.26"]
[EventType "rapid"]

1. e4 e6 2. d4 d5 3. Nc3 Nf6 4. e5 Nfd7 5. f4 c5 6. Nf3 Nc6 7. Be3 Be7 8. Qd2 a6
9. Be2 b5 10. a3 O-O 11. O-O f6 12. f5 cxd4 13. Nxd4 Nxd4 14. Bxd4 Nxe5 15. fxe6
Bxe6 16. Rae1 Bd6 17. h3 Qc7 18. Qe3 Rae8 19. Bxb5 axb5 20. Nxb5 Qb8 21. Nxd6
Qxd6 22. Bc5 Qb8 23. Bxf8 Rxf8 24. b4 Rc8 25. Qb3 Qb6+ 26. Kh1 d4 27. Qb1 Rc3
28. a4 Bd5 29. a5 Qc6 30. Rf2 Rxh3+ 31. Kg1 Rg3 32. b5 Qa8 33. Ree2 Bc4 34. Qb4
Bxe2 35. Rxe2 Qf3 36. Qe7 h5 37. Qe8+ Kh7 38. Rf2 Qd1+ 39. Kh2 Re3 40. Rxf6 0-1

[Event "World Rapid 2025"]
[Site "Doha QAT"]
[Date "2025.12.26"]
[Round "4.122"]
[White "Anwoir, Tarik"]
[Black "Blackwood, Ryan"]
[Result "1-0"]
[WhiteElo "2098"]
[BlackElo "1945"]
[WhiteFideId "9004904"]
[BlackFideId "7400640"]
[EventDate "2025.12.26"]
[EventType "rapid"]

1. e4 d6 2. d4 g6 3. Bc4 Bg7 4. Nf3 Bg4 5. Bxf7+ Kf8 6. Bb3 Nf6 7. h3 Bxf3 8.
Qxf3 Nd7 9. O-O e5 10. c3 Ke7 11. Bg5 Rf8 12. Nd2 h6 13. Bxf6+ Rxf6 14. Qd3 c6
15. Rae1 Qc7 16. Nc4 Raf8 17. dxe5 Nxe5 18. Nxe5 dxe5 19. Rd1 b5 20. a4 a6 21.
axb5 axb5 22. Qe3 c5 23. Ra1 Rd8 24. Bd5 Rf4 25. b4 Rc8 26. Ra5 Kf8 27. Rxb5
cxb4 28. cxb4 Rb8 1-0

[Event "World Rapid 2025"]
[Site "Doha QAT"]
[Date "2025.12.26"]
[Round "4.123"]
[White "Fates, Omer Salah"]
[Black "Khayat, Emad"]
[Result "1-0"]
[WhiteElo "2079"]
[BlackElo "1927"]
[WhiteFideId "9212035"]
[BlackFideId "21518076"]
[EventDate "2025.12.26"]
[EventType "rapid"]

1. e4 e5 2. Nf3 Nc6 3. Bc4 Bc5 4. O-O Nf6 5. d3 O-O 6. c3 d5 7. exd5 Nxd5 8. Bg5
f6 9. Bh4 Kh8 10. Nbd2 Bf5 11. Nb3 Be7 12. d4 Nb6 13. Bb5 e4 14. Nfd2 Bg6 15.
Re1 f5 16. Bxe7 Nxe7 17. Nc5 Qc8 18. f3 c6 19. Bf1 Ned5 20. fxe4 fxe4 21. Ndxe4
Qc7 22. Ne6 Qf7 23. Nxf8 Rxf8 24. Qd2 h6 25. a4 a5 26. Nc5 Nc8 27. Bd3 Bxd3 28.
Nxd3 Qh5 29. Rf1 Rf6 30. Rxf6 Nxf6 31. Ne5 Nd6 32. Rf1 Nde4 33. Qd1 Qe8 34. Ng4
Qe6 35. Nxf6 Nxf6 36. Re1 Qc4 37. h3 Qd5 38. Re7 b5 39. axb5 Qxb5 40. Qc2 Qg5
41. Re5 Qg3 42. Qe2 a4 43. Ra5 Qf4 44. Ra8+ Kh7 45. Rxa4 h5 46. Ra1 h4 47. Rf1
Qg5 48. Kh1 Nh5 49. Qe4+ Kh6 50. Kg1 g6 51. Re1 Nf4 52. Qf3 c5 53. Qg4 Qf6 54.
d5 Nxd5 55. Qe6 Qg5 56. c4 Nb4 57. Qe3 Nc2 58. Qxg5+ Kxg5 59. Re5+ Kf4 60. Rxc5
g5 61. Rc8 Nd4 62. b4 g4 63. Rf8+ Kg3 64. hxg4 Ne2+ 65. Kf1 Nd4 1-0

[Event "World Rapid 2025"]
[Site "Doha QAT"]
[Date "2025.12.26"]
[Round "5.2"]
[White "Grischuk, Alexander"]
[Black "Vachier-Lagrave, Maxime"]
[Result "0-1"]
[WhiteTitle "GM"]
[BlackTitle "GM"]
[WhiteElo "2654"]
[BlackElo "2734"]
[WhiteFideId "4126025"]
[BlackFideId "623539"]
[EventDate "2025.12.26"]
[EventType "rapid"]

1. e4 c5 2. Nf3 d6 3. d4 cxd4 4. Nxd4 Nf6 5. Nc3 a6 6. a3 e5 7. Nf5 d5 8. Bg5 d4
9. Bxf6 gxf6 10. Nb1 Bxf5 11. exf5 Qd5 12. Qh5 Nd7 13. Nd2 Rc8 14. Bd3 Qxg2 15.
Be4 Qg5 16. Qf3 Bh6 17. O-O-O Nc5 18. Kb1 Qf4 19. Qg2 Ke7 20. Rhe1 Rhg8 21. Qf1
Qxh2 22. Nf3 Qg2 23. Qe2 Be3 24. fxe3 Qxe2 25. Rxe2 Nxe4 26. exd4 Ng3 27. Ree1
Rcd8 28. dxe5 Rxd1+ 29. Rxd1 Nxf5 30. Rh1 h6 31. c3 Rg4 32. Nd4 Nxd4 33. cxd4
Rxd4 34. exf6+ Kxf6 35. Rxh6+ Kg5 36. Rh7 Kg6 0-1

[Event "World Rapid 2025"]
[Site "Doha QAT"]
[Date "2025.12.26"]
[Round "5.4"]
[White "Sindarov, Javokhir"]
[Black "Sargsyan, Shant"]
[Result "1/2-1/2"]
[WhiteTitle "GM"]
[BlackTitle "GM"]
[WhiteElo "2726"]
[BlackElo "2665"]
[WhiteFideId "14205483"]
[BlackFideId "13306766"]
[EventDate "2025.12.26"]
[EventType "rapid"]

1. e4 e5 2. Nf3 Nc6 3. Bc4 Nf6 4. d3 Be7 5. O-O O-O 6. a4 d5 7. exd5 Nxd5 8. a5
b6 9. a6 Rb8 10. Nc3 Nxc3 11. bxc3 Na5 12. Nxe5 Bd6 13. Qh5 Bxe5 14. Qxe5 Nxc4
15. dxc4 Be6 16. Bf4 Bxc4 17. Rfd1 Qc8 18. Qxc7 Qxc7 19. Bxc7 Rbc8 20. Be5 Rfe8
21. Bd4 f6 22. h4 h5 23. Ra4 Kf7 24. Be3 Be6 25. Rd3 Bf5 26. Rd5 Bxc2 27. Ra3
Bg6 28. Rd7+ Re7 29. Rd5 Ke6 30. Rb5 Rec7 31. Bd4 Be8 32. Rb2 Kf5 33. f3 Re7 1/2-1/2

[Event "World Rapid 2025"]
[Site "Doha QAT"]
[Date "2025.12.26"]
[Round "5.5"]
[White "Gukesh, D"]
[Black "Movahed, Sina"]
[Result "1-0"]
[WhiteTitle "GM"]
[BlackTitle "GM"]
[WhiteElo "2754"]
[BlackElo "2596"]
[WhiteFideId "46616543"]
[BlackFideId "42520835"]
[EventDate "2025.12.26"]
[EventType "rapid"]

1. e4 c5 2. Nf3 d6 3. d4 cxd4 4. Nxd4 Nf6 5. Nc3 a6 6. g3 e5 7. Nf3 Be7 8. a4
O-O 9. Bg2 Nbd7 10. O-O Nc5 11. Qe2 Bd7 12. Bg5 h6 13. Bxf6 Bxf6 14. Rfd1 Be7
15. Nd2 Ne6 16. Nd5 Bc6 17. Nb3 Re8 18. a5 Bf8 19. Nb6 Rb8 20. c3 Qg5 21. h4 Qg6
22. Nd2 Rbd8 23. b4 f5 24. exf5 Qxf5 25. Nd5 Qf7 26. Nc4 Kh8 27. Nce3 g6 28. Be4
h5 29. Qc2 Kh7 30. g4 Nf4 31. gxh5 Nxh5 32. Kh1 Qe6 33. f3 Ng3+ 34. Kg2 Nxe4 35.
Qxe4 Bh6 36. Ng4 Rf8 37. h5 Kg7 38. Qxg6+ Qxg6 39. hxg6 Bg5 40. Nf2 Rf5 41. c4
Kxg6 42. Ne4 Rdf8 43. Ra3 Bh4 44. Nxd6 Rg5+ 45. Kf1 Bd7 46. Ne4 Bh3+ 47. Ke2
Rg2+ 48. Ke3 Rb2 49. Rd2 Rxd2 50. Kxd2 Bg2 51. Ke2 Bh3 52. Ra1 Be6 53. Rg1+ Kh5
54. Rh1 Rh8 55. Nc5 Bf5 56. Ne3 1-0

[Event "World Rapid 2025"]
[Site "Doha QAT"]
[Date "2025.12.26"]
[Round "5.6"]
[White "Goutham Krishna H"]
[Black "Giri, Anish"]
[Result "1/2-1/2"]
[WhiteTitle "IM"]
[BlackTitle "GM"]
[WhiteElo "2433"]
[BlackElo "2760"]
[WhiteFideId "25983504"]
[BlackFideId "24116068"]
[EventDate "2025.12.26"]
[EventType "rapid"]

1. b3 Nf6 2. Bb2 g6 3. d4 Bg7 4. Nf3 c5 5. dxc5 Qa5+ 6. Nbd2 Qxc5 7. e3 O-O 8.
c4 b6 9. Be2 Bb7 10. O-O d6 11. a3 Nbd7 12. b4 Qc7 13. h3 Rfc8 14. Qb3 Qd8 15.
Nd4 Ne5 16. Rfd1 a5 17. Rac1 axb4 18. axb4 Qe8 19. Ra1 Ne4 20. N2f3 Nd7 21. Nb5
Bxb2 22. Qxb2 Qf8 23. Rxa8 Rxa8 24. Ra1 Rxa1+ 25. Qxa1 Qa8 26. Qb2 Nef6 27. Ne1
Be4 28. f3 Bc6 29. Nd4 Bb7 30. e4 Nh5 31. Kf2 Nf8 32. Nec2 Qd8 33. Bf1 e5 34.
Ne2 Qf6 35. Ne3 Ne6 36. Ng4 Qd8 37. Qd2 Nhg7 38. Ne3 h5 39. Nd5 h4 40. Qe3 Bxd5
41. cxd5 Nf8 42. Nc3 Nh5 43. Bb5 Nf4 44. Ne2 Nxe2 45. Bxe2 Kg7 46. Kg1 Nh7 47.
Bf1 Nf6 48. Qg5 Qh8 49. Qe3 Qd8 50. Qg5 Qe7 51. Qxh4 Nxd5 52. Qf2 Nxb4 53. Qxb6
d5 54. exd5 Nxd5 55. Qf2 Qb4 56. g3 Qc3 57. Qe2 Qd4+ 58. Kh2 Ne3 59. Bg2 f5 60.
h4 f4 61. g4 Qd8 62. Kh3 Kh6 63. Qa2 Nxg2 64. g5+ Kg7 65. Qa7+ Kg8 66. Kxg2 Qd2+
67. Kh3 Qd5 68. Qb8+ Kf7 69. Qc7+ Kf8 70. Qc8+ Ke7 71. Qc3 Qe6+ 72. Kg2 Qa2+ 73.
Kh3 Qe6+ 74. Kg2 Qa2+ 75. Kh3 Qe6+ 76. Kg2 Qd6 77. Qc2 Kf7 78. Qb3+ Kf8 79. Qc2
Kg7 80. Qb2 Qc7 81. Qd2 Kh7 82. Qd3 Kg7 83. h5 gxh5 84. Qf5 Qd6 85. Kh3 Qd5 86.
Qf6+ Kg8 87. Qg6+ Kf8 88. Qxh5 Qe6+ 89. Kh4 Kg7 90. Qg4 Qxg4+ 91. Kxg4 Kg6 92.
Kh4 Kg7 93. Kg4 Kg6 94. Kh4 Kg7 95. Kg4 Kg6 96. Kh4 1/2-1/2

[Event "World Rapid 2025"]
[Site "Doha QAT"]
[Date "2025.12.26"]
[Round "5.7"]
[White "Yu, Yangyi"]
[Black "Orozbaev, Eldiyar"]
[Result "1/2-1/2"]
[WhiteTitle "GM"]
[BlackTitle "IM"]
[WhiteElo "2717"]
[BlackElo "2348"]
[WhiteFideId "8603820"]
[BlackFideId "13802240"]
[EventDate "2025.12.26"]
[EventType "rapid"]

1. d4 d5 2. c4 c6 3. Nf3 Nf6 4. Nc3 dxc4 5. a4 Bf5 6. Ne5 Nbd7 7. Nxc4 Qc7 8.
Bg5 Ne4 9. Bh4 g5 10. Bg3 Nxg3 11. hxg3 Bg7 12. e3 O-O-O 13. Bd3 Bg6 14. Qc2 e5
15. dxe5 Nxe5 16. Nxe5 Qxe5 17. O-O-O Qc5 18. Bxg6 hxg6 19. Rxh8 Bxh8 20. Rxd8+
Kxd8 21. Ne4 Qe5 22. g4 Kc7 23. g3 Bg7 24. Kb1 Qd5 25. f4 gxf4 26. gxf4 a5 27.
g5 b5 28. axb5 Qxb5 29. Nd2 Qb4 30. Nc4 a4 31. Ka2 Bf8 32. Qd3 Bc5 33. e4 Be7
34. Qc2 Bd6 35. e5 Bc5 36. Qd3 Qb3+ 37. Qxb3 axb3+ 38. Kxb3 Kd7 39. Kc3 Ke6 40.
b4 Bf2 41. Kd2 Kf5 42. Nd6+ Kxf4 43. Nxf7 Kf5 44. Kd3 Ke6 45. Nh8 Kxe5 46. Nxg6+
Kf5 47. Nf4 Be1 48. g6 Kf6 49. Kc4 Bd2 50. Nd3 Bxb4 51. Nxb4 Kxg6 52. Nxc6 1/2-1/2

[Event "World Rapid 2025"]
[Site "Doha QAT"]
[Date "2025.12.26"]
[Round "5.8"]
[White "Dardha, Daniel"]
[Black "Nepomniachtchi, Ian"]
[Result "1/2-1/2"]
[WhiteTitle "GM"]
[BlackTitle "GM"]
[WhiteElo "2603"]
[BlackElo "2723"]
[WhiteFideId "240990"]
[BlackFideId "4168119"]
[EventDate "2025.12.26"]
[EventType "rapid"]

1. e4 e5 2. Nf3 Nf6 3. d3 Nc6 4. Be2 d5 5. Nbd2 Bc5 6. c3 O-O 7. b4 Bd6 8. O-O
Re8 9. Re1 b6 10. Bf1 Bb7 11. exd5 Nxd5 12. Bb2 1/2-1/2

[Event "World Rapid 2025"]
[Site "Doha QAT"]
[Date "2025.12.26"]
[Round "5.9"]
[White "Caruana, Fabiano"]
[Black "Aravindh, Chithambaram VR."]
[Result "1/2-1/2"]
[WhiteTitle "GM"]
[BlackTitle "GM"]
[WhiteElo "2795"]
[BlackElo "2703"]
[WhiteFideId "2020009"]
[BlackFideId "5072786"]
[EventDate "2025.12.26"]
[EventType "rapid"]

1. e4 c6 2. d4 d5 3. e5 Bf5 4. Nd2 e6 5. Nb3 a6 6. Nf3 c5 7. Nxc5 Bxc5 8. dxc5
Qa5+ 9. c3 Qxc5 10. Nd4 Ne7 11. Be2 Nd7 12. Bf4 Bg6 13. h4 h5 14. O-O Qc7 15.
Re1 Nc5 16. Rc1 b5 17. b4 Nd7 18. a4 bxa4 19. Qxa4 O-O 20. Qd1 a5 21. bxa5 Rxa5
22. Bxh5 Bxh5 23. Qxh5 Nc5 24. Re3 Ne4 25. Qg4 Rfa8 26. Ree1 Ra2 27. Rf1 Rb2 28.
Ra1 Rxa1 29. Rxa1 Qb8 30. Be3 Qxe5 31. Bf4 Nf6 32. Qxg7+ Kxg7 33. Bxe5 Kg6 34.
f3 Nd7 35. Bd6 Nc8 36. Bg3 Ncb6 37. Ra7 Nc5 38. h5+ Kxh5 39. Rxf7 Nc4 40. Rg7
Kh6 41. Rc7 Nd3 42. Rc6 Kg5 43. Nxe6+ Kf5 44. Nd4+ Kg5 45. Re6 Nd2 46. Kh2 Rb7
47. Bd6 Nf1+ 48. Kg1 Rb1 49. Be7+ Kf4 50. Bd6+ Kg5 51. Be7+ Kf4 52. Bd6+ Kg5 1/2-1/2

[Event "World Rapid 2025"]
[Site "Doha QAT"]
[Date "2025.12.26"]
[Round "5.10"]
[White "Dominguez Perez, Leinier"]
[Black "Tabatabaei, M. Amin"]
[Result "1/2-1/2"]
[WhiteTitle "GM"]
[BlackTitle "GM"]
[WhiteElo "2738"]
[BlackElo "2700"]
[WhiteFideId "3503240"]
[BlackFideId "12521213"]
[EventDate "2025.12.26"]
[EventType "rapid"]

1. e4 e5 2. Nf3 Nf6 3. Nxe5 d6 4. Nf3 Nxe4 5. d4 d5 6. Bd3 Be7 7. O-O Nc6 8.
Nbd2 Bf5 9. Re1 Nxd2 10. Qxd2 Bg6 11. c3 O-O 12. Bxg6 hxg6 13. Qd3 Bd6 14. Ng5
Qd7 15. h4 Rfe8 16. Bd2 Qg4 17. Qh3 Qxh3 18. Nxh3 Kf8 19. Bf4 Rxe1+ 20. Rxe1
Bxf4 21. Nxf4 Ne7 22. g4 c6 23. Nd3 Nc8 24. Nc5 Nd6 25. Nd7+ Kg8 26. Re7 Re8 27.
Rxe8+ Nxe8 28. Ne5 Nd6 29. f3 Kh7 30. Kf2 f6 31. Nd3 Kg8 32. Nf4 Kf7 33. Ke2 Ne8
34. Ke3 Nc7 35. a4 Ne6 36. a5 Nxf4 37. Kxf4 Ke6 38. b3 b6 39. axb6 axb6 40. b4
b5 41. Kg3 g5 42. f4 gxh4+ 43. Kxh4 g6 44. Kg3 g5 1/2-1/2

[Event "World Rapid 2025"]
[Site "Doha QAT"]
[Date "2025.12.26"]
[Round "5.11"]
[White "Bu, Xiangzhi"]
[Black "Rapport, Richard"]
[Result "1/2-1/2"]
[WhiteTitle "GM"]
[BlackTitle "GM"]
[WhiteElo "2665"]
[BlackElo "2741"]
[WhiteFideId "8601445"]
[BlackFideId "738590"]
[EventDate "2025.12.26"]
[EventType "rapid"]

1. Nf3 Nf6 2. c4 g6 3. g3 Bg7 4. Bg2 O-O 5. O-O d6 6. d4 Nbd7 7. Nc3 e5 8. e4
exd4 9. Nxd4 Nc5 10. Re1 Re8 11. b3 Ng4 12. f3 Ne5 13. Be3 f5 14. h3 fxe4 15.
fxe4 Ne6 16. Nxe6 Bxe6 17. Nd5 Qd7 18. Nf4 Bf7 19. Qe2 b6 20. Rad1 a5 21. a4 Rf8
22. Rf1 Kh8 23. Kh1 Rae8 24. Nd5 Be6 25. g4 Qd8 26. Qd2 Nd7 27. Bg5 Qb8 28. Rde1
c6 29. Rxf8+ Rxf8 30. Nf4 Re8 31. e5 Nxe5 32. Nxe6 Rxe6 33. Bxc6 Qf8 34. Qg2 Qc8
35. Bd5 Re8 36. Qg1 Qc7 37. Be3 Rb8 38. Rf1 Qd8 39. Kg2 h6 40. Bd4 Qg5 41. Be3
Qe7 42. Qf2 Rf8 43. Qd2 Rxf1 44. Kxf1 Nd7 45. Kg2 Kh7 46. Bc6 1/2-1/2

[Event "World Rapid 2025"]
[Site "Doha QAT"]
[Date "2025.12.26"]
[Round "5.12"]
[White "So, Wesley"]
[Black "Lazavik, Denis"]
[Result "1/2-1/2"]
[WhiteTitle "GM"]
[BlackTitle "GM"]
[WhiteElo "2753"]
[BlackElo "2605"]
[WhiteFideId "5202213"]
[BlackFideId "13515110"]
[EventDate "2025.12.26"]
[EventType "rapid"]

1. e4 e5 2. Nc3 Nf6 3. g3 d5 4. exd5 Nxd5 5. Bg2 Nxc3 6. bxc3 Nc6 7. Nf3 Bc5 8.
O-O O-O 9. Re1 Qf6 10. d3 Bb6 11. Bg5 Qd6 12. Nd2 Qg6 13. Be3 Ba5 14. c4 Bg4 15.
Qc1 Rad8 16. Rb1 b6 17. Rb5 Rfe8 18. Rd5 f5 19. f3 Bh5 20. f4 exf4 21. Bxf4 Nd4
22. Rxe8+ Qxe8 23. Rxd4 Rxd4 24. Nb3 Bc3 25. Nxd4 Bxd4+ 26. Kh1 c5 27. Qd2 h6
28. h4 Kh7 1/2-1/2

[Event "World Rapid 2025"]
[Site "Doha QAT"]
[Date "2025.12.26"]
[Round "5.13"]
[White "Hong, Andrew"]
[Black "Nihal, Sarin"]
[Result "0-1"]
[WhiteTitle "GM"]
[BlackTitle "GM"]
[WhiteElo "2568"]
[BlackElo "2701"]
[WhiteFideId "2099438"]
[BlackFideId "25092340"]
[EventDate "2025.12.26"]
[EventType "rapid"]

1. e4 c5 2. Nf3 d6 3. d4 cxd4 4. Nxd4 Nf6 5. Nc3 a6 6. h3 g6 7. g4 Bg7 8. Be3
Nc6 9. Qd2 Bd7 10. Bg2 O-O 11. O-O-O Rc8 12. f4 Na5 13. b3 Qc7 14. Nd5 Nxd5 15.
exd5 e5 16. fxe5 Bxe5 17. Kb1 Rfe8 18. Rhf1 Bg7 19. Bf2 b5 20. Rde1 Nb7 21. Nc6
Rxe1+ 22. Rxe1 Bxc6 23. dxc6 Nd8 24. Qd5 Be5 25. Re2 Nxc6 26. Qd2 a5 27. Bd5 Nb4
28. Bf3 Qe7 29. a3 Rxc2 30. Qe3 Qc7 31. axb4 Rc3 32. Qa7 Rc1+ 0-1